Central Library OPAC University of Rajshahi

Farm accounts / (Record no. 73362)

MARC details
000 -LEADER
fixed length control field 00760nam a2200229 a 4500
001 - CONTROL NUMBER
control field 73362
003 - CONTROL NUMBER IDENTIFIER
rucl marc code BD-RjUL
005 - DATE AND TIME OF LATEST TRANSACTION
control field 20211209082403.0
008 - FIXED-LENGTH DATA ELEMENTS--GENERAL INFORMATION
fixed length control field 170530s1948 enkk 000 0 eng d
035 ## - SYSTEM CONTROL NUMBER
System control number (BD-RjUL)73580
040 ## - CATALOGING SOURCE
Modifying agency BD-RjUL
Language of cataloging eng
Original cataloging agency BD-RjUL
Transcribing agency BD-RjUL
041 ## - LANGUAGE CODE
Language code of text/sound track or separate title eng
082 ## - DEWEY DECIMAL CLASSIFICATION NUMBER
Edition number 23
Classification number 657.863
Author mark and year BRF 1948
100 1# - MAIN ENTRY--PERSONAL NAME
Personal name Bray, F. Sewell
Fuller form of name (Frank Sewell)
9 (RLIN) 216993
245 10 - TITLE STATEMENT
Title Farm accounts /
Statement of responsibility, etc. by F. Sewell Bray and C. V. Dawe
260 ## - PUBLICATION, DISTRIBUTION, ETC. (IMPRINT)
Place of publication, distribution, etc. London :
Name of publisher, distributor, etc. Published for the Incorporated Accountants' Research Committee by Oxford University Press,
Date of publication, distribution, etc. 1948.
300 ## - PHYSICAL DESCRIPTION
Pagination ix, 149 p. :
Illustrations ill. ;
Size 22 cm.
500 ## - GENERAL NOTE
General note Includes index
650 #0 - SUBJECT ADDED ENTRY--TOPICAL TERM
Topical term or geographic name as entry element Agriculture
General subdivision Accounting
9 (RLIN) 216994
700 1# - ADDED ENTRY--PERSONAL NAME
Personal name Dawe, C. V.
Fuller form of name (Charles Vivian).
942 ## - ADDED ENTRY ELEMENTS (KOHA)
Source of classification or shelving scheme Dewey Decimal Classification
Koha item type Books
Holdings
Lost status Source of classification or shelving scheme Damaged status Not for loan Collection code Permanent Location Current Location Shelving location Date acquired Source of acquisition Cost, normal purchase price Total Checkouts Full call number Date last seen Copy number Koha item type
  Dewey Decimal Classification   Not For Loan Non-fiction Central Library, University of Rajshahi Central Library, University of Rajshahi Reading Room 25/07/1955 O.U.P. 7.00   657.863 BRF 1948 30/05/2017 C-1 Books